000 00718nam a22002297a 4500
003 UA-OsUOA
001 29961
007 ta
008 20041102b un ||||| |||| 00| 0 ukr d
090 _a908(477.81):911.37
_bІ90
942 _cBK
040 _aUA-OsUOA
_bukr
_cUA-OsUOA
_dUA-OsUOA
245 _aІсторія міст і сіл Української РСР. Ровенська область
_cРед. О.П.Вержбицька І.Г.Дурнєв
300 _a456 с.
_bІлюстрації
955 _a2
041 _aukr
080 _a908(477.81):911.37
260 _aХарків
_bПоліграфкнига
_c1973
044 _aUA
650 7 _a908 Краєзнавство
_2UDC
999 _c316361
_d316361